|
|
|
|
| LEADER |
01740nam a2200385 i 4500 |
| 001 |
EBC5761193 |
| 003 |
MiAaPQ |
| 005 |
20200520144314.0 |
| 006 |
m o d | |
| 007 |
cr cnu|||||||| |
| 008 |
190521s2019 gw o 000 0 ger d |
| 020 |
|
|
|z 9783737605984
|
| 020 |
|
|
|a 9783737605991 (e-book)
|
| 035 |
|
|
|a (MiAaPQ)EBC5761193
|
| 035 |
|
|
|a (Au-PeEL)EBL5761193
|
| 035 |
|
|
|a (OCoLC)1100023834
|
| 040 |
|
|
|a MiAaPQ
|b eng
|e rda
|e pn
|c MiAaPQ
|d MiAaPQ
|
| 050 |
|
4 |
|a K3531
|b .N388 2019
|
| 082 |
0 |
|
|a 346.045
|2 23
|
| 245 |
0 |
0 |
|a Naturschutzrecht und Stadtebaurecht :
|b Bundesfachtagung Naturschutzrecht 2017 /
|c herausgeber, Andreas Mengel.
|
| 264 |
|
1 |
|a Kassel :
|b kassel university press,
|c [2019]
|
| 264 |
|
4 |
|c 2019
|
| 300 |
|
|
|a 1 online resource (128 pages).
|
| 336 |
|
|
|a text
|b txt
|2 rdacontent
|
| 337 |
|
|
|a computer
|b c
|2 rdamedia
|
| 338 |
|
|
|a online resource
|b cr
|2 rdacarrier
|
| 490 |
0 |
|
|a Schriftenreihe des Fachgebietes Landschaftsentwicklung/ Umwelt- und Planungsrecht ;
|v Band 4
|
| 588 |
|
|
|a Description based on print version record.
|
| 590 |
|
|
|a Electronic reproduction. Ann Arbor, MI : ProQuest, 2018. Available via World Wide Web. Access may be limited to ProQuest affiliated libraries.
|
| 650 |
|
0 |
|a City planning and redevelopment law.
|
| 655 |
|
4 |
|a Electronic books.
|
| 700 |
1 |
|
|a Mengel, Andreas,
|e editor.
|
| 776 |
0 |
8 |
|i Print version:
|t Naturschutzrecht und Stadtebaurecht : Bundesfachtagung Naturschutzrecht 2017.
|d Kassel : kassel university press, c2019
|h 128 pages
|k Schriftenreihe des Fachgebietes Landschaftsentwicklung/ Umwelt- und Planungsrecht ; Band 4
|z 9783737605984
|
| 797 |
2 |
|
|a ProQuest (Firm)
|
| 856 |
4 |
0 |
|u https://ebookcentral.proquest.com/lib/matrademy/detail.action?docID=5761193
|z Click to View
|